• 首页
  • 本馆介绍
  • 公告通知
  • 最新文献
  • 馆藏检索
  • 电子资源
  • 读者导购
  • 参考咨询
  • 我的图书馆
  • 登录
  • 详细信息显示
  • 放入我的书架
  • 预约/预借图书
  • 作者相关作品
  • 分类相关作品
  • 丛书相关作品
  • 出版社相关作品

书目信息

  • 表格格式
  • 工作单格式
  • 卡片格式
题名:
创业生存记
    
 
作者: 舒纳 著 ;汤懿 译
分册:  
出版信息: 北京   中国人民大学出版社  2017
页数: 16,224页
开本: 23cm
丛书名:
单 册:
中图分类: F276.44
科图分类:
主题词: 高技术产业--企业管理
电子资源:
ISBN: 978-7-300-23522-6
000 01239nam0 2200253 450
001 012001001692
005 20140921103355.0
010    @a978-7-300-23522-6@dCNY55.00
100    @a20170328d2017 em y0chiy50 ea
101 1  @achi@ceng
102    @aCN@b110000
105    @ay z 000yy
106    @ar
200 1  @a创业生存记@9chuang ye sheng cun ji@e如何经营好一家初创企业@dThe tech entrepreneur's survival guide@ehow to bootstrap your startup, lead through tough times, and cash in for success@f(美)贝恩德·舒纳(Bernd, Schoner)著@g汤懿译@zeng
210    @a北京@c中国人民大学出版社@d2017
215    @a16,224页@d23cm
330    @a本书作者贝恩德·舒纳作为美国麻省理工的工科博士,走出实验室就跟4名同学涌入创业的大潮中,把自己亲历的10年创业奋斗史写成了这本从初创公司启动、到发展融资、直到最后成功退出的创业生存指南,毫无保留地揭示了创业过程中的挑战、失败、胜利以及反思。
510 1  @aTech entrepreneur's survival guide@ehow to bootstrap your startup, lead through tough times, and cash in for success@zeng
606 0  @a高技术产业@x企业管理
690    @aF276.44@v5
701  0 @c(美)@a舒纳@9shu na@c(Schoner, Bernd)@4著
702  0 @a汤懿@9tang yi@c(女)@4译
801  0 @aCN@b上海新华@c20180901
905    @b1044196-200@dF276.44@e1551@f5
    
    创业生存记:如何经营好一家初创企业=The tech entrepreneur's survival guide:how to bootstrap your startup, lead through tough times, and cash in for success/(美)贝恩德·舒纳(Bernd, Schoner)著/汤懿译.-北京:中国人民大学出版社,2017
    16,224页;23cm
    
    
    ISBN 978-7-300-23522-6:CNY55.00
    本书作者贝恩德·舒纳作为美国麻省理工的工科博士,走出实验室就跟4名同学涌入创业的大潮中,把自己亲历的10年创业奋斗史写成了这本从初创公司启动、到发展融资、直到最后成功退出的创业生存指南,毫无保留地揭示了创业过程中的挑战、失败、胜利以及反思。
●
相关链接 在E读中查询图书 在五车中查询图书 在当当中查询图书 在豆瓣中查询图书


正题名:创业生存记     索取号:F276.44/1551         预约/预借

序号 登录号 条形码 馆藏地/架位号 状态 备注
1 1044196   210441967   第一样本阅览室/ [索取号:F276.44/1551] 在馆    
2 1044197   210441976   第一借阅区/ [索取号:F276.44/1551] 在馆    
3 1044198   210441985   第一借阅区/ [索取号:F276.44/1551] 在馆    
4 1044199   210441994   第一借阅区/ [索取号:F276.44/1551] 在馆    
5 1044200   210442001   密集书库-海洋学院/ [索取号:F276.44/1551] 在馆    
唐山师范学院图书馆 欢迎您!
大连网信软件有限公司© 版权所有